Effectif XV de France au Tournoi des Six Nations 2025 - Statistiques

Statistiques générales
  • Ce quiz a été pris 104 fois
  • Le résultat moyen est 25 sur 32
Statistiques - réponses
Poste Club Joueur Nrb de sélections Points % Correct
Demi de Mêlée Antoine Dupont 4 10
98%
Arrière Thomas Ramos 5 71
98%
Demi de Mêlée Maxime Lucu 3 2
96%
Ailier Damian Penaud 3 10
93%
Talonneur Julien Marchand 5 5
91%
Demi d'Ouverture Romain Ntamack 3 -
90%
Demi d'Ouverture Matthieu Jalibert 1 -
89%
Pilier Cyril Baille 5 -
88%
Ailier Louis Bielle-Biarrey 5 40
88%
Pilier Uini Atonio 5 -
86%
Centre Gaël Fickou 1 -
85%
Talonneur Péato Mauvaka 5 5
85%
Centre Yoram Moefana 5 10
85%
Pilier Jean-Baptiste Gros 5 -
84%
Deuxième Ligne Thibaud Flament 3 -
84%
Troisième Ligne Aile François Cros 5 -
83%
Demi de Mêlée Nolann Le Garrec 3 -
83%
Arrière Léo Barré 1 10
78%
Deuxième Ligne Emmanuel Meafou 4 -
77%
Troisième Ligne Centre Grégory Alldritt 5 10
77%
Troisième Ligne Centre Anthony Jelonch 3 -
75%
Deuxième Ligne Mickaël Guillard 5 5
74%
Pilier Dorian Aldegheri 3 -
73%
Centre Émilien Gailleton 1 5
73%
Deuxième Ligne Hugo Auradou 4 -
70%
Centre Pierre-Louis Barassi 4 5
70%
Troisième Ligne Aile Oscar Jégou 5 5
68%
Troisième Ligne Aile Paul Boudehent 5 10
67%
Ailier Théo Attissogbe 2 15
65%
Pilier George-Henri Colombe 2 -
62%
Deuxième Ligne Alexandre Roumat 3 -
56%
Deuxième Ligne Romain Taofifénua 1 -
56%
Aucun quiz correspondant
Distribution des résultats
% des personnes avec chaque résultat
Percentile par nombre de réponses
Votre historique - résultats
Vous n’avez pas pris ce quiz